The noble scholar, jurist, historian


 His Excellency Dr. Abdul Wahhab bin Ibrahim Abu Sulaiman, may Allah have mercy on him.


 He was born in Umm Al-Qura in the year 1356 AH.

الذخر والعدة في شرح البردة / (Record no. 4498)

MARC details
000 -LEADER
fixed length control field 01560cam a22003131i 4500
003 - CONTROL NUMBER IDENTIFIER
control field SA-RiAUC
005 - DATE AND TIME OF LATEST TRANSACTION
control field 20250105151550.0
008 - FIXED-LENGTH DATA ELEMENTS--GENERAL INFORMATION
fixed length control field 250104s1999 tu g 000 0 ara c
040 ## - CATALOGING SOURCE
Original cataloging agency SA-JeALM
Language of cataloging ara
Transcribing agency SA-RiAUC
Description conventions rda
082 04 - DEWEY DECIMAL CLASSIFICATION NUMBER
Classification number 811.0620
090 ## - LOCALLY ASSIGNED LC-TYPE CALL NUMBER (OCLC); LOCAL CALL NUMBER (RLIN)
Classification number (OCLC) (R) ; Classification number, CALL (RLIN) (NR) 811.0620
Local cutter number (OCLC) ; Book number/undivided call number, CALL (RLIN) ا ب ن ع
100 1# - MAIN ENTRY--PERSONAL NAME
Personal name ابن علان، محمد علي بن محمد علان بن إبراهيم،
Dates associated with a name 996-1057 هجري
Relator term مؤلف.
245 12 - TITLE STATEMENT
Title الذخر والعدة في شرح البردة /
Statement of responsibility, etc. محمد علي بن علان الصديقي المكي ؛ دراسة وتحقيق أحمد طوران أرسلان.
246 30 - VARYING FORM OF TITLE
Title proper/short title شرح البردة
264 #1 - PRODUCTION, PUBLICATION, DISTRIBUTION, MANUFACTURE, AND COPYRIGHT NOTICE
Place of production, publication, distribution, manufacture إسطنبول، تركيا :
Name of producer, publisher, distributor, manufacturer جامعة مرمرة - وقف كلية الإلهيات،
Date of production, publication, distribution, manufacture, or copyright notice 1999
300 ## - PHYSICAL DESCRIPTION
Extent 348 صفحة؛
Dimensions 24 سم.
336 ## - CONTENT TYPE
Content type term نص
Content type code txt
Source rdacontent
Materials specified كتاب
337 ## - MEDIA TYPE
Media type term بدون وسيط
Media type code n
Source rdamedia
338 ## - CARRIER TYPE
Carrier type term مجلد
Carrier type code nc
Source rdacarrier
500 ## - GENERAL NOTE
General note اهداء من المحقق احمد طوران ارسلان بتاريخ10 / 9 / 1999 م
650 #7 - SUBJECT ADDED ENTRY--TOPICAL TERM
Topical term or geographic name entry element الشعر العربي الديني
General subdivision تاريخ ونقد
Source of heading or term aucsh
650 #7 - SUBJECT ADDED ENTRY--TOPICAL TERM
Topical term or geographic name entry element المدائح النبوية
General subdivision تاريخ ونقد
Source of heading or term aucsh
700 1# - ADDED ENTRY--PERSONAL NAME
Personal name أرسلان، أحمد طوران
Relator term محقق.
700 12 - ADDED ENTRY--PERSONAL NAME
Personal name البوصيري، محمد بن سعيد بن حماد،
Dates associated with a name 608-696 هجري.
Title of a work البردة.
740 22 - ADDED ENTRY--UNCONTROLLED RELATED/ANALYTICAL TITLE
Uncontrolled related/analytical title الكواكب الدرية في مدح خير البرية، المعروفة، بالبردة.
740 22 - ADDED ENTRY--UNCONTROLLED RELATED/ANALYTICAL TITLE
Uncontrolled related/analytical title البردة.
942 ## - ADDED ENTRY ELEMENTS (KOHA)
Source of classification or shelving scheme Dewey Decimal Classification
Koha item type Books
Suppress in OPAC No
949 ## - LOCAL PROCESSING INFORMATION (OCLC)
a SA-JeALM
d 250104
u osman123
n 1
Holdings
Withdrawn status Lost status Source of classification or shelving scheme Damaged status Not for loan Collection Home library Current library Date acquired Total checkouts Full call number Barcode Date last seen Price effective from Koha item type
    Dewey Decimal Classification     اهداء DR AbdElwahab Library DR AbdElwahab Library 01/05/2025   811.0620 ا ب ن ع 000007087 01/05/2025 01/05/2025 Books